Islam and the secular state : (Record no. 11581)
[ view plain ]
| 000 -LEADER | |
|---|---|
| fixed length control field | 01790cam a2200349 a 4500 |
| 001 - CONTROL NUMBER | |
| control field | 14969197 |
| 005 - DATE AND TIME OF LATEST TRANSACTION | |
| control field | 20080616152817.0 |
| 008 - FIXED-LENGTH DATA ELEMENTS--GENERAL INFORMATION | |
| fixed length control field | 070816s2008 mau b 001 0 eng |
| 010 ## - LIBRARY OF CONGRESS CONTROL NUMBER | |
| LC control number | 2007034057 |
| 015 ## - NATIONAL BIBLIOGRAPHY NUMBER | |
| National bibliography number | GBA806343 |
| Source | bnb |
| 016 7# - NATIONAL BIBLIOGRAPHIC AGENCY CONTROL NUMBER | |
| Record control number | 014493272 |
| Source | Uk |
| 020 ## - INTERNATIONAL STANDARD BOOK NUMBER | |
| International Standard Book Number | 9780674027763 (alk. paper) |
| 020 ## - INTERNATIONAL STANDARD BOOK NUMBER | |
| International Standard Book Number | 0674027760 (alk. paper) |
| 035 ## - SYSTEM CONTROL NUMBER | |
| System control number | (OCoLC)ocn166290654 |
| 035 ## - SYSTEM CONTROL NUMBER | |
| System control number | (OCoLC)166290654 |
| 040 ## - CATALOGING SOURCE | |
| Original cataloging agency | DLC |
| Transcribing agency | DLC |
| Modifying agency | BAKER |
| -- | BTCTA |
| -- | UKM |
| -- | YDXCP |
| -- | C#P |
| -- | DLC |
| 050 00 - LIBRARY OF CONGRESS CALL NUMBER | |
| Classification number | BP190.5.S35 |
| Item number | N35 2008 |
| 082 00 - DEWEY DECIMAL CLASSIFICATION NUMBER | |
| Classification number | 297.272 |
| Edition number | 22 |
| Item number | ANN |
| 100 1# - MAIN ENTRY--PERSONAL NAME | |
| Personal name | An- Na'im, Abdullahi Ahmad. |
| Dates associated with a name | 1946- |
| 9 (RLIN) | 4965 |
| 245 10 - TITLE STATEMENT | |
| Title | Islam and the secular state : |
| Remainder of title | Negotiating the future of Shari'a / |
| Statement of responsibility, etc | Abdullahi Ahmed An-Na'im. |
| 260 ## - PUBLICATION, DISTRIBUTION, ETC. (IMPRINT) | |
| Place of publication, distribution, etc | Cambridge, Mass. : |
| Name of publisher, distributor, etc | Harvard University Press, |
| Date of publication, distribution, etc | c2008. |
| 300 ## - PHYSICAL DESCRIPTION | |
| Extent | x, 324 p. ; |
| Dimensions | 25 cm. |
| 504 ## - BIBLIOGRAPHY, ETC. NOTE | |
| Bibliography, etc | Includes bibliographical references and index. |
| 505 0# - FORMATTED CONTENTS NOTE | |
| Formatted contents note | Introduction : why Muslims need a secular state -- Islam, the state, and politics in historical perspective -- Constitutionalism, human rights, and citizenship -- India : state secularism and communal violence -- Turkey : contradictions of authoritarian secularism -- Indonesia : realities of diversity and prospects of pluralism -- Conclusion : negotiating the future of Shari�a. |
| 650 #0 - SUBJECT ADDED ENTRY--TOPICAL TERM | |
| Topical term or geographic name as entry element | Islam and secularism. |
| 9 (RLIN) | 4966 |
| 650 #0 - SUBJECT ADDED ENTRY--TOPICAL TERM | |
| Topical term or geographic name as entry element | Islam and state. |
| 9 (RLIN) | 4967 |
| 650 #0 - SUBJECT ADDED ENTRY--TOPICAL TERM | |
| Topical term or geographic name as entry element | Islamic law. |
| 9 (RLIN) | 4968 |
| 650 #0 - SUBJECT ADDED ENTRY--TOPICAL TERM | |
| Topical term or geographic name as entry element | Religious pluralism |
| General subdivision | Islam. |
| 9 (RLIN) | 4969 |
| 942 ## - ADDED ENTRY ELEMENTS (KOHA) | |
| Source of classification or shelving scheme | Dewey Decimal Classification |
| Item type | Book - Borrowing |
| Withdrawn status | Item status | Source of classification or shelving scheme | Damaged status | Not for loan | Vendor | Home library | Current library | Shelving location | Date acquired | Source of acquisition | Cost, normal purchase price | Serial Enumeration / chronology | Total Checkouts | Total Renewals | Full call number | Barcode | Checked out | Date last seen | Date last borrowed | Koha item type |
|---|---|---|---|---|---|---|---|---|---|---|---|---|---|---|---|---|---|---|---|---|
| Dewey Decimal Classification | MERIC | Central Library | Central Library | Lower Floor | 24/05/2009 | 264.00 | 9083 | 19 | 103 | 297.272 ANN | 000016380 | 14/01/2026 | 14/12/2025 | 14/12/2025 | Book - Borrowing |